Pays les plus proches du Kazakhstan - une minute sprint - Statistiques

Statistiques générales
  • Ce quiz a été pris 159 fois
  • Le résultat moyen est 14 sur 20
Statistiques - réponses
km pays % Correct
0 Russie
96%
0 Chine
89%
0 Ouzbékistan
88%
0 Turkménistan
86%
39 Mongolie
84%
59 Tadjikistan
80%
0 Kirghizistan
78%
227 Azerbaïdjan
77%
533 Arménie
75%
808 Inde
75%
342 Iran
75%
530 Pakistan
75%
299 Afghanistan
74%
428 Géorgie
70%
836 Irak
66%
666 Turquie
61%
476 Ukraine
44%
1004 Syrie
43%
1050 Biélorussie
29%
1251 Moldavie
18%
Aucun quiz correspondant
Distribution des résultats
% des personnes avec chaque résultat
Percentile par nombre de réponses
Votre historique - résultats
Vous n’avez pas pris ce quiz